000 01322nac a22001931u 4500
008 090729t xxu||||| |||| 00| 0 eng d
082 _a344.02962
_bق ا ن
245 _aقانون التأمين الاجتماعى :
_bالصادر بالقانون رقم 79 لسنة 1975 والقوانين المعدلة له /
_cإعداد ومراجعة فاطمة الزهراء عباس احمد ، حلمى عبد العظيم حسن
250 _aط19
260 _bالقاهرة :
_cالهيئة العامه لشئون المطابع الأميرية,2007
_a2007.
300 _a537 ص ؛
_c24 سم.
650 _aالتأمين الاجتماعي
_xقوانين وتشريعات
_920366
_zمصر
700 1 _aاحمد، فاطمة الزهراء عباس
_98246
700 1 _aحسن، حلمي عبد العظيم
_98247
710 _aAl Hayaa Al Ama Le Sheoon Al Matabea Al Amereya
_98248
942 _cBB
_k344.02962ق ا ن
_2ddc
999 _c9239
_d9239